Statistiche per I principali paesi produttori n °9

Clicka qui per fare il quiz!

Statistiche generali

  • Questo quiz è stato fatto 56 volte
  • Il punteggio medio è 14 su 20

Statistiche sulle risposte

RankCountry% Corretto
1Cina
98%
2Cina
98%
1Cina
98%
3Stati Uniti
96%
3Russia
94%
4Spagna
92%
4Francia
90%
5Germania
88%
2India
88%
1India
88%
3India
88%
1Canada
74%
4Giappone
66%
3Turchia
64%
2Iran
50%
5Cile
46%
5Corea del Sud
36%
4Romania
34%
5Tunisia
26%
2Serbia
20%

Distribuzione punteggi

Percentile per numero di risposta

Percentuale di utenti per punteggio

I tuoi punteggi nel tempo

Non hai fatto questo quiz